The autobiography of Benjamin Franklin / (Record no. 150723)
[ view plain ]
| 000 -LEADER | |
|---|---|
| fixed length control field | 00778nam a22002057a 4500 |
| 005 - DATE AND TIME OF LATEST TRANSACTION | |
| control field | 20180404100342.0 |
| 010 ## - LCCN (DPL NO) | |
| LC control number | B-690818-819 |
| 020 ## - INTERNATIONAL STANDARD BOOK NUMBER | |
| Terms of availability | 250.00 |
| International Standard Book Number | 9788184303032 |
| 035 ## - SYSTEM CONTROL NUMBER | |
| System control number | B-690818-819 |
| 037 ## - SOURCE OF ACQUISITION | |
| Source of stock number/acquisition | Ocean Books |
| 082 ## - DEWEY DECIMAL CLASSIFICATION NUMBER | |
| Classification number | 921 |
| 100 ## - MAIN ENTRY--PERSONAL NAME | |
| Personal name | Franklin, Benjamin |
| 245 ## - TITLE STATEMENT | |
| Title | The autobiography of Benjamin Franklin / |
| Statement of responsibility, etc | by Benjamin Franklin ; introductory note by Charles W. Eliot |
| 260 ## - PUBLICATION, DISTRIBUTION, ETC. (IMPRINT) | |
| Place of publication, distribution, etc | New Delhi |
| Name of publisher, distributor, etc | Ocean Books |
| Date of publication, distribution, etc | 2014 |
| 270 ## - ADDRESS | |
| Address | 4/19 Asaf Ali Road, New Delhi-110002 |
| City | New Delhi |
| Postal code | 110002 |
| 300 ## - PHYSICAL DESCRIPTION | |
| Extent | 176p. |
| Dimensions | 22cm(hb) |
| 500 ## - GENERAL NOTE | |
| General note | Balidani |
| 942 ## - ADDED ENTRY ELEMENTS (KOHA) | |
| Source of classification or shelving scheme | Dewey Decimal Classification |
| Item type | English Books |
| Call number suffix | BEN |
| Classification part | 921 |
| Withdrawn status | Lost status | Not for loan | Collection code | Home library | Current library | Date acquired | Source of acquisition | Cost, normal purchase price | Full call number | Barcode | Copy number | Cost, replacement price | Koha item type |
|---|---|---|---|---|---|---|---|---|---|---|---|---|---|
| Non-fiction | Central Library | Central Library | 04/04/2018 | Ocean Books/BL/19770/01.03.2018/793/19.02.2018/09.03.2018 | 250.00 | 921 BEN | B-690818 | 1 | 250.00 | English Books | |||
| Non-fiction | Sarojini Nagar | Sarojini Nagar | 04/04/2018 | Ocean Books/BL/19770/01.03.2018/793/19.02.2018/09.03.2018 | 250.00 | 921 BEN | B-690819 | 1 | 250.00 | English Books |
